000 00379nam a2200145Ia 4500
008 230917s9999||||xx |||||||||||||| ||und||
040 _e71782
_aMAIN
041 _aEnglish
082 _a512.5 H263M
100 _aHarville, David A
245 0 _aMatrix algebra from a stetrixtia'an's perspective
260 _aNew York
_bSpringer
_c1997
300 _axvii, 630 p.
942 _cBK
999 _c107622
_d107622